The Last Shadow Puppets Lyrics - My Mistakes Were Made For You - Statistics

General Stats
  • This quiz has been taken 40 times
  • The average score is 177 of 223
Answer Stats
Lyrics % Correct
I
100%
a
97%
A
97%
an
97%
And
97%
and
97%
for
97%
in
97%
In
97%
made
97%
My
97%
of
97%
she
97%
She
97%
the
97%
The
97%
we
97%
were
97%
we're
97%
you
97%
About
93%
as
93%
know
93%
mistakes
93%
came
90%
earthquake,
90%
it
90%
away,
86%
back
86%
dream
86%
'round
86%
it's
83%
that
83%
will
83%
bad
79%
her
79%
is
79%
me
79%
On
79%
on
79%
out
79%
subtle
79%
to
79%
arrogance
76%
between
76%
but
76%
couldn't
76%
down
76%
'em
76%
filthiest
76%
help
76%
hill
76%
Innocence
76%
just
76%
mouth
76%
probably
76%
room
76%
whisked
76%
words
76%
ask
72%
fact
72%
flock
72%
following
72%
from
72%
give
72%
lot
72%
not
72%
put
72%
rock
72%
rolling
72%
solid
72%
something
72%
spit
72%
Around
69%
around
69%
crowd,
69%
forever
69%
hazardous
69%
hit
69%
like
69%
minds
69%
now
69%
now,
69%
smash
69%
terrain
69%
Then
69%
they
69%
was
69%
birthday,
66%
everything
66%
face
66%
forgot
66%
less
66%
she's
66%
than
66%
suspect
62%
wind
62%
your
62%
escape
59%
fame
59%
crooked
55%
entwined
55%
scramble
55%
smithereens
55%
sting
55%
Before
52%
bitten
52%
enthused
52%
conscience
48%
blame
45%
'Cause
31%
shape
28%
conscious
10%
No matching quizzes found
Score Distribution
Percent of People with Each Score
Percentile by Number Answered
Your Score History
You have not taken this quiz